00635 a2200133 4500003000500000005001700005040000900022082001200031100001600043245004000059260003800099300001800137505034600155NUST20230126124432.0 cNust a909,WEL aWells, H.G. aThe Outline of History /cH.G.Wells alondonbCassell and Companyc1937 axviii,1223 p; aThe World before Man (Page-13), The Making of Man (Page-62), The First Civilizations (Page-157), Judea Greece and India (Page-252), Rise and Collapse of the Roman Empire (Page-411), Christianity and Islam (Page-520), The Mongol Empires of the Land Ways and the New Empires of the Sea Ways (Page-693), The Age of the Great Powers (Page-796).